| 000 | 00439 a2200169 4500 | ||
|---|---|---|---|
| 003 | NUST | ||
| 005 | 20230309184128.0 | ||
| 040 | _cNust | ||
| 082 | _a891.439,TAR | ||
| 100 |
_aTargnif, Aiwan _9110107 |
||
| 245 |
_aSarai / سراےٰ (Urdu) / _cAiwan Targnif |
||
| 260 |
_aIslamabad _bDost Pub |
||
| 300 | _a108;p | ||
| 538 | _aAlmirah No.67, Shelf No.2 | ||
| 650 |
_aUrdu Literature _xurdu Adab _9110085 |
||
| 942 |
_2ddc _cBK _k891.439,TAR |
||
| 999 |
_c187874 _d187874 |
||